书目信息 |
| 题名: |
河南
|
|
| 作者: | 张建州 主编 | |
| 分册: | ||
| 出版信息: | 北京 中国旅游出版社 2006 |
|
| 页数: | 29,545页 | |
| 开本: | 21cm | |
| 丛书名: | 中国导游十万个为什么 | |
| 单 册: | ||
| 中图分类: | K928.961 | |
| 科图分类: | ||
| 主题词: | 导游--河南省 | |
| 电子资源: | ||
| ISBN: | 7-5032-2959-4 | |
| 000 | 00892oam2 2200277 450 | |
| 001 | 012004087437 | |
| 005 | 20070807160811.51 | |
| 009 | 012004087437 | |
| 010 | @a7-5032-2959-4@dCNY28.00 | |
| 035 | @a(110019)012006114960 | |
| 100 | @a20061108d2006 em y0chiy0110 ea | |
| 101 | 0 | @achi |
| 102 | @aCN@b110000 | |
| 105 | @aa z 000yy | |
| 106 | @ar | |
| 200 | 1 | @a河南@Ahe nan@f张建州主编@Fzhang jian zhou zhu bian |
| 210 | @a北京@c中国旅游出版社@d2006 | |
| 215 | @a29,545页@c图@d21cm | |
| 225 | 2 | @a中国导游十万个为什么@Azhong guo dao you shi wan ge wei shi me |
| 330 | @a本书以问答的形式,解答了河南概况、郑州市、洛阳市、开封市、安阳市、鹤壁市等各地区的概况、历史等诸多方面。 | |
| 461 | 0 | @12001 @a中国导游十万个为什么 |
| 606 | 0 | @a导游@y河南省 |
| 690 | @aK928.961@v4 | |
| 701 | 0 | @a张建州@Azhang jian zhou@4主编 |
| 801 | 0 | @aCN@b110019@c20070807 |
| 905 | @dK928.961@e501@f1 | |
| 河南/张建州主编.-北京:中国旅游出版社,2006 |
| 29,545页:图;21cm.-(中国导游十万个为什么) |
| ISBN 7-5032-2959-4:CNY28.00 |
| 本书以问答的形式,解答了河南概况、郑州市、洛阳市、开封市、安阳市、鹤壁市等各地区的概况、历史等诸多方面。 |
| ● |
| 相关链接 |
|
|
|
|
正题名:河南
索取号:K928.961/501
 
预约/预借
| 序号 | 登录号 | 条形码 | 馆藏地/架位号 | 状态 | 备注 |
| 1 | 0853856 | 208538563 | 第二样本阅览室/ [索取号:K928.961/501] | 在馆 |